000
00208nam a2200097Ia 4500
008
240331s9999 xx 000 0 und d
082
_b
VEL
100
_a
Velone, R. R
245
0
_a
Veddiyaddum parpom
942
_c
L
999
_c
3797
_d
3797